000 00584nmm a2200181Ia 4500
008 251105s9999||||xx |||||||||||||||||und||
041 _aspa
100 _aZabalbeascoa, Anatxu
245 0 _aArquitecturas del tiempo. Time architecture :
_b Miralles Tagliabue
264 _a[Madrid, España] :
_bEditorial Gustavo Gili,
_c2013
300 _a65 páginas
650 _aArchitecture & Sculpture
700 _aZabalbeascoa, Anatxu
700 1 _a Rodriguez Marcos, Javier
700 1 _a Zabalbeascoa, Anatxu
856 _uhttps://public.digitaliapublishing.com/a/41389
942 _cCF
999 _c72732
_d72732